000 00956cam a22002655a 4500
001 15923378
005 20151208154914.0
008 090925t2010 maua frb 000 0 eng d
020 _a9781422128930 (pbk. : alk. paper)
020 _a1422128938 (pbk. : alk. paper)
040 _aDLC
_cDLC
_dBTCTA
_dUKM
_dYDXCP
_dC#P
_dCDX
_dBWX
_dDLC
_dEG-ScBUE
_beng
082 0 4 _a658.314
_222
_bFOS
245 0 0 _aFostering creativity :
_bexpert solutions to everyday challenges.
260 _aBoston :
_bHarvard Business School Publishing,
_cc.2010.
300 _axii, 80 p. :
_bill. ;
_c18 cm.
490 0 _aPocket mentor series
504 _aIncludes bibliographical references.
650 7 _aCreative ability in business.
_2BUEsh
_937582
650 7 _aCreative thinking.
_2BUEsh
_97850
650 7 _aProblem solving.
_2BUEsh
_910472
651 _2BUEsh
653 _bBUSADM
_cAugust2015
_cDecember2015
710 2 _aHarvard Business School.
_bPress.
_913866
942 _2ddc
999 _c20595
_d20567